000 00488nam a2200181Ia 4500
005 20250508151045.0
008 008 250505s9999 xx 000 0 eng d
037 _aReference
040 _aFEDL
_beng
_cFEDL
041 _aeng
_2eng
084 _a155.5, MAL
_qFEDL
100 _aMalm Marguerite
_9758318
245 0 _aAdolescence
260 _aNew York, USA
_bMcGraw-Hill Book Company
_c1952
300 _a512p.
942 _cREF
_h155.5, MAL
999 _c1327311
_d1327311